Classifica Marcatori Avellino All-Time - Statistics

Statistiche generali
  • Questo quiz è stato fatto 21 volte
  • Il punteggio medio è 5 su 12
Statistiche sulle risposte
Gol Nazione Calciatore % Corretto
70 Italia Luigi Castaldo
100%
56 Italia Raffaele Biancolino
92%
25 Italia Angelo D'Angelo
69%
34 Italia Salvatore Fresta
62%
23 Italia Marcello Trotta
46%
23 Argentina Ramón Díaz
46%
23 Italia Vincenzo Moretti
38%
25 Italia Felice Evacuo
31%
23 Italia Beniamino Vignola
23%
31 Italia Francesco Millesi
23%
30 Italia Gianluca De Angelis
8%
27 Italia Alessandro Pellicori
0%
Nessun quiz corrispondente trovato
Distribuzione punteggi
Percentuale di utenti per punteggio
Percentile per numero di risposta
I tuoi punteggi nel tempo
Non hai fatto questo quiz